00554nam a2200193 a 4500001001300000003000900013005001700022008004100039020001000080082001500090100002200105245007700127260003500204300000900239500003500248505002400283650003100307700002200338nice12345678IN_TiNIC20260116011356.0050524s1962 lona grp 000 0 eng  ac10000a232.6bHUG aHughes, Archibald aNew Heaven and a New Earthb An Introductory Study of the Sencond Advent aLondonbMarshal Brothersc1962 a233p aincludes index and biblioraphy2 aIndex, Bibliography aJesus Christ-Second Coming1 aHughes, Archibald